UBT Library

Thompson's introduction to maternity and pediatric nursing / (Record no. 44404)

000 -LEADER
fixed length control field 00817cam a2200253 a 4500
001 - CONTROL NUMBER
control field 2616773
005 - DATE AND TIME OF LATEST TRANSACTION
control field 20180308035937.0
008 - FIXED-LENGTH DATA ELEMENTS--GENERAL INFORMATION
fixed length control field 980722s1999 paua b 001 0 eng c
010 ## - LIBRARY OF CONGRESS CONTROL NUMBER
LC control number 98038331
020 ## - INTERNATIONAL STANDARD BOOK NUMBER
International Standard Book Number 0721675573
040 ## - CATALOGING SOURCE
Original cataloging agency DNLM/DLC
Transcribing agency DLC
Modifying agency DLC
041 ## - LANGUAGE CODE
Language code of text/sound track or separate title eng
060 10 - NATIONAL LIBRARY OF MEDICINE CALL NUMBER
Classification number 610.7362
Item number T478 1999
080 ## - UNIVERSAL DECIMAL CLASSIFICATION NUMBER
Universal Decimal Classification number 610.7362
082 00 - DEWEY DECIMAL CLASSIFICATION NUMBER
Classification number 610.7362 THO
Edition number 21
100 1# - Rafti
Rafti 2
101 ## - Shkurtesa
Shkurtesa INF
245 10 - TITLE STATEMENT
Title Thompson's introduction to maternity and pediatric nursing /
Statement of responsibility, etc Gloria Leifer.
246 30 - VARYING FORM OF TITLE
Title proper/short title Introduction to maternity and pediatric nursing
504 ## - BIBLIOGRAPHY, ETC. NOTE
Bibliography, etc Includes bibliographical references and index.
906 ## - LOCAL DATA ELEMENT F, LDF (RLIN)
a 7
b cbc
c orignew
d 1
e ocip
f 19
g y-gencatlg
942 ## - ADDED ENTRY ELEMENTS (KOHA)
Source of classification or shelving scheme
Item type Books
Holdings
Withdrawn status Lost status Source of classification or shelving scheme Damaged status Not for loan Collection code Permanent location Current location Shelving location Date acquired Total Checkouts Full call number Barcode Date last seen Price effective from Koha item type
          Koleksioni i përgjithshem UBT - Lipjan UBT - Lipjan Koleksioni i përgjithshem 03/08/2018   610.7362 THO 002-3000915 03/08/2018 03/08/2018 Books
UBT Library © 2015-2024. All rights reserved University Education for Business and Technology